|
|
|
|
| LEADER |
00000cam a2200000 7i4500 |
| 001 |
0000021026 |
| 005 |
20090107.0 |
| 008 |
081201s at a i eng |
| 020 |
|
|
|a 9781401896546
|
| 040 |
|
|
|a INS
|
| 090 |
0 |
0 |
|a TK5105.888
|b D65 2006
|
| 100 |
1 |
|
|a Dolin, Penny Ann
|
| 245 |
1 |
0 |
|a Exploring digital workflow
|c Penny Ann Dolin
|
| 260 |
|
|
|a Australia :
|b Thomson ,
|c 2006
|
| 300 |
|
|
|a xvii, 200p. :
|b ill. ;
|c 25cm + Cd.
|
| 440 |
|
0 |
|a Design exploring series
|
| 500 |
|
|
|a Includes index
|
| 650 |
0 |
0 |
|a Databeses
|
| 650 |
0 |
0 |
|a Digital media
|
| 650 |
0 |
0 |
|a Electronic publishing
|
| 650 |
0 |
0 |
|a Web sites development
|
| 999 |
|
|
|a 0000020327
|b BOOK
|c Open Shelf
|e Default branch
|